000 00724nam a2200289Ia 4500
005 20260324124336.0
008 008 260324s9999 xx 000 0 eng d
020 _a9780203864746
037 _aEBOOK
040 _aCRL
040 _beng
040 _cCRL
041 _2eng
041 _aeng
084 _qCRL
100 _aSy-Miin Chow; Emilio Ferrer; Fushing Hsieh
_91173779
245 0 _aStatistical Methods for Modeling Human Dynamics
245 3 _bAn Interdisciplinary Dialogue
260 _bTaylor and Francis
260 _c2010
365 _a
365 _b255
856 _uhttp://www.taylorfrancis.com/books/9780203864746
942 _cEBOOK
999 _c1768086
_d1768086